MARC

LEADER 00000nam0a2200000 4500
001 376703
005 20231102012834.0
035 |a (RuTPU)RU\TPU\retro\34143 
090 |a 376703 
100 |a 20221227d1979 m y0rusy50 ca 
101 0 |a rus 
102 |a LV 
105 |a a z 001zy 
200 1 |a Динамические методы анализа развития сетей энергосистем  |f В. А. Дале, З. П. Кришан, О. Г. Паэгле  |g Академия наук Латвийской ССР, Физико-энергетический институт 
210 |a Рига  |c Зинатне  |d 1979 
215 |a 260 с.  |c ил. 
320 |a Библиогр.: с. 246-251 
320 |a Предметный указатель: с. 252-256 
606 1 |a Электроэнергетические системы  |2 stltpush  |3 (RuTPU)RU\TPU\subj\21043  |9 46092 
610 1 |a сети 
610 1 |a исследование 
610 1 |a математические модели 
610 1 |a мощность 
610 1 |a потоки 
610 1 |a методы определения 
610 1 |a электросетевые объекты 
610 1 |a развитие 
610 1 |a оптимизация 
610 1 |a динамические методы 
675 |a 621.311  |v 4 
700 1 |a Дале  |b В. А.  |g Вольдемар Антонович 
701 1 |a Кришан  |b З. П.  |g Зигурд Павлович 
701 1 |a Паэгле  |b О. Г.  |g Омар Генрихович 
712 0 2 |a Академия наук Латвийской ССР  |b Физико-энергетический институт  |c (Рига)  |2 stltpush  |3 (RuTPU)RU\TPU\col\6763  |9 24267 
801 1 |a RU  |b 63413507  |c 20221227 
942 |c BK